000 011570000a22002290004500
001 13743
003 CO-MdBIC
020 _a84-330-1769-1
040 _bspa.
082 0 4 _aG 232 W9471d
100 1 _aWright, N. T. (Nicholas Thomas)
245 1 0 _aEl desafío de Jesús / N. T. Wright ; María del Carmen Blanco Moreno, Ramón Alfonso Díez Aragón, Traductores
260 _aBilbao, España : Desclée de Brouwer
300 _a260 Pág.
336 _atexto
_btxt
_2rdacontent
337 _2rdamedia
_asin mediación
_bn
338 _2rdacarrier
_avolumen
_bnc
500 _aTítulo original : The challenge of Jesus
505 _a- El desafío del Reino: Dentro del judaísmo del siglo I, El plan de Dios desvelado - El desafío de los símbolos, Jesús y los símbolos del judaísmo: sábado, alimento, nación y tierra, templo - Símbolos jesuanos del reino: Tierra y pueblo, Familia, Torá, Templo - Jesús y el mesianismo - Dios en el judaísmo del siglo I - El desafío de la Pascua: Pablo 1 Corintios 15 - Caminar hacia Emaús: La misión en un mundo postmoderno, Salmos 42 y 43 - De Emaús a Dover Beach
650 1 4 _aJESUCRISTO
942 _cBK
999 _c42688
_d42688